000 00290nam a2200097Ia 4500
001 650188
005 20250826154354.0
008 250824s9999 xx 000 0 und d
245 0 _aDEĞİRMENİMDEN MEKTUPLAR ANTİK OKUL KLASİKLERİ
_cALPHONSE DAUDET
260 _bANTİK DÜNYA KLASİKLERİ
999 _c650188
_d650188